Managing Large Systems : (Record no. 4374)
[ view plain ]
| 000 -LEADER | |
|---|---|
| fixed length control field | 01201nac a22002411u 4500 |
| 008 - FIXED-LENGTH DATA ELEMENTS--GENERAL INFORMATION | |
| fixed length control field | 100921t xxu||||| |||| 00| 0 eng d |
| 010 ## - LIBRARY OF CONGRESS CONTROL NUMBER | |
| LC control number | 92019557 |
| 020 ## - INTERNATIONAL STANDARD BOOK NUMBER | |
| International Standard Book Number | 1560006420 |
| 082 00 - DEWEY DECIMAL CLASSIFICATION NUMBER | |
| Classification number | 658.404 |
| Item number | SAY |
| 100 ## - MAIN ENTRY--PERSONAL NAME | |
| Personal name | Sayles, Leonard R. |
| 9 (RLIN) | 19654 |
| 245 10 - TITLE STATEMENT | |
| Title | Managing Large Systems : |
| Remainder of title | Organizations for the Future / |
| Statement of responsibility, etc | Leonard R. Sayles, Margaret K. Chandler ; with a new introduction by Leonard R. Sayles. |
| 260 ## - PUBLICATION, DISTRIBUTION, ETC. (IMPRINT) | |
| Place of publication, distribution, etc | New Brunswick, N.J. : |
| Name of publisher, distributor, etc | Transaction Publishers, |
| Date of publication, distribution, etc | [1993] |
| 300 ## - PHYSICAL DESCRIPTION | |
| Extent | xxx, 332 p. : |
| Other physical details | ill. ; |
| Dimensions | 23 cm. |
| 490 1# - Series Statement | |
| Series statement | Classics in organizations [sic] and management series |
| -- | 19655 |
| 500 ## - GENERAL NOTE | |
| General note | Originally published: New York : Harper & Row, 1971. |
| 504 ## - BIBLIOGRAPHY, ETC. NOTE | |
| Bibliography, etc | Includes bibliographical references and index. |
| 610 10 - SUBJECT ADDED ENTRY--CORPORATE NAME | |
| Corporate name or jurisdiction name as entry element | United States. |
| Subordinate unit | National Aeronautics and Space Administration |
| General subdivision | Management |
| -- | History. |
| 9 (RLIN) | 19656 |
| 650 #0 - SUBJECT ADDED ENTRY--TOPICAL TERM | |
| Topical term or geographic name as entry element | Aeronautics and state |
| Geographic subdivision | United States |
| General subdivision | History. |
| 9 (RLIN) | 19657 |
| 700 1# - ADDED ENTRY--PERSONAL NAME | |
| Personal name | Chandler, Margaret K. |
| 9 (RLIN) | 19658 |
| 830 #0 - SERIES ADDED ENTRY--UNIFORM TITLE | |
| Uniform title | Classics in organization and management series. |
| 9 (RLIN) | 19659 |
| 942 ## - ADDED ENTRY ELEMENTS (KOHA) | |
| Item type | Book - Borrowing |
| Call number prefix | 658.404SAY |
| Source of classification or shelving scheme | Dewey Decimal Classification |
| Withdrawn status | Item status | Damaged status | Not for loan | Home library | Current library | Shelving location | Date acquired | Source of acquisition | Total Checkouts | Full call number | Barcode | Date last seen | Koha item type |
|---|---|---|---|---|---|---|---|---|---|---|---|---|---|
| Central Library | Central Library | First floor | 07/09/2005 | Purchase | 658.404 SAY | 000005342 | 15/07/2025 | Book - Borrowing |